Odpad ako stavebný materiál

Potenciál stavebného odpadu v oblasti cirkulárnej ekonomiky a cirkulárneho stavebníctva. Sústredenie sa na prostredie Európy a EÚ. Miera vplyvu krízy a pandémie COVID-19 na sektor stavebníctva, nakladanie so stavebným odpadom a taktiež vplyv vojny na Ukrajine na tvorbu odpadu, ktorý vzniká z budov a...

Descrizione completa

Salvato in:
Dettagli Bibliografici
Autore principale: Maslen, Michal
Natura: Capitolo di libro
Lingua:slovacco
Soggetti:
Tags: Aggiungi Tag
Nessun Tag, puoi essere il primo ad aggiungerne!!

MARC

LEADER 00000naa a2200000 4500
001 0299025
005 20240417075302.6
041 0 |a slo 
044 |a SK 
245 1 0 |a Odpad ako stavebný materiál  |c Michal Maslen 
520 |a Potenciál stavebného odpadu v oblasti cirkulárnej ekonomiky a cirkulárneho stavebníctva. Sústredenie sa na prostredie Európy a EÚ. Miera vplyvu krízy a pandémie COVID-19 na sektor stavebníctva, nakladanie so stavebným odpadom a taktiež vplyv vojny na Ukrajine na tvorbu odpadu, ktorý vzniká z budov a infraštruktúry. 
610 2 0 |a stavebníctvo 
610 2 0 |a materiál 
610 2 0 |a odpad 
610 2 0 |a hospodárstvo obehové 
610 2 0 |a Európa 
610 2 0 |a Európska únia 
610 2 0 |a pandémia 
610 2 0 |a vojny 
610 2 0 |a Ukrajina 
100 1 |a Maslen, Michal